[Event "Polanica Zdroj op 59th"]
[Site "Polanica Zdroj"]
[Date "2023.08.26"]
[Round "8"]
[White "Jourdren, Kevin"]
[Black "Cichon, Jakub"]
[Result "1/2-1/2"]
[WhiteElo "2200"]
[BlackElo "1936"]
[PlyCount "58"]
[EventDate "2023.08.19"]
[EventType "swiss"]
[EventRounds "9"]
[EventCountry "POL"]
[SourceTitle "CBM 215 Extra"]
[Source "ChessBase"]
[SourceDate "2023.09.30"]
[SourceVersion "1"]
[SourceVersionDate "2023.09.30"]
[SourceQuality "1"]

1. d4 Nf6 2. Nf3 d5 3. e3 g6 4. c4 c6 5. Nc3 Bg7 6. Bd3 0-0 7. 0-0 a6 8. h3 Nbd7 9. Qb3 dxc4 10. Bxc4 e6 11. a4 c5 12. a5 cxd4 13. Nxd4 b5 14. Be2 Bb7 15. Rd1 Qe7 16. Bd2 Rfd8 17. Be1 Rac8 18. Rac1 Nd5 19. Bf3 Nc5 20. Qa3 Nxc3 21. Bxc3 e5 22. Bb4 exd4 23. Bxc5 Qc7 24. Bxb7 Qxb7 25. exd4 Bxd4 26. Bxd4 Rxc1 27. Rxc1 Rxd4 28. Qc5 Qd7 29. Qb6 Rd6 1/2-1/2

[Event "Polanica Zdroj op 59th"]
[Site "Polanica Zdroj"]
[Date "2023.08.22"]
[Round "4"]
[White "Jourdren, Kevin"]
[Black "Siekanska, Maria"]
[Result "1-0"]
[WhiteElo "2200"]
[BlackElo "2000"]
[PlyCount "97"]
[EventDate "2023.08.19"]
[EventType "swiss"]
[EventRounds "9"]
[EventCountry "POL"]
[SourceTitle "CBM 215 Extra"]
[Source "ChessBase"]
[SourceDate "2023.09.30"]
[SourceVersion "1"]
[SourceVersionDate "2023.09.30"]
[SourceQuality "1"]

1. e4 e5 2. Nf3 Nc6 3. Bb5 a6 4. Ba4 Nf6 5. 0-0 b5 6. Bb3 Bc5 7. c3 d6 8. d4 Bb6 9. h3 0-0 10. Be3 exd4 11. cxd4 Nxe4 12. Bd5 Qe8 13. Qc2 Nb4 14. Qxe4 Qxe4 15. Bxe4 d5 16. Bxh7+ Kxh7 17. Nc3 Bb7 18. Rac1 Nd3 19. Rc2 c5 20. dxc5 Nxc5 21. Rd1 Rac8 22. Nxd5 Rfd8 23. Ng5+ Kg8 24. Rcd2 Bxd5 25. Rxd5 Rxd5 26. Rxd5 Na4 27. Bxb6 Nxb6 28. Rd6 Nc4 29. Rxa6 Nxb2 30. Ra7 Na4 31. Nxf7 Rc1+ 32. Kh2 Rc2 33. f4 Rxa2 34. Ng5 g6 35. Ra8+ Kg7 36. Ne6+ Kf6 37. Nd4 b4 38. Rb8 Rb2 39. Kg3 Nc5 40. Rb6+ Kf7 41. Kf3 b3 42. Rb5 Nd3 43. g3 Nc1 44. Kg4 Rb1 45. Kg5 b2 46. Rb7+ Ke8 47. Ne6 Nd3 48. Kf6 Re1 49. Re7# 1-0

[Event "Gorges op 28th"]
[Site "Gorges"]
[Date "2018.07.07"]
[Round "2"]
[White "Feger, Rodolphe"]
[Black "Jourdren, Kevin"]
[Result "0-1"]
[WhiteElo "1742"]
[BlackElo "2056"]
[PlyCount "66"]
[EventDate "2018.07.07"]
[EventType "swiss"]
[EventRounds "5"]
[EventCountry "FRA"]
[SourceTitle "EXT 2020"]
[Source "ChessBase"]
[SourceDate "2019.10.17"]
[SourceVersion "1"]
[SourceVersionDate "2019.10.17"]
[SourceQuality "1"]

1. e4 c5 2. c3 d5 3. exd5 Qxd5 4. d4 Nc6 5. Nf3 Bg4 6. Be2 e6 7. h3 Bh5 8. c4 Qd7 9. d5 Bxf3 10. Bxf3 Nd4 11. 0-0 0-0-0 12. Nc3 Nf6 13. Bg5 h6 14. Bxf6 gxf6 15. dxe6 fxe6 16. Bh5 Qc6 17. Qg4 Be7 18. Qe4 Qxe4 19. Nxe4 f5 20. Nc3 Bf6 21. Rac1 b6 22. f4 Bh4 23. Ne2 Nxe2+ 24. Bxe2 Rd2 25. Bf3 Rxb2 26. Ra1 Rd8 27. a4 a5 28. Rab1 Rdd2 29. Rfd1 Rxd1+ 30. Rxd1 Bg3 31. Rd6 Kc7 32. Rc6+ Kd7 33. Kf1 Rf2+ 0-1

[Event "Rohde op 12th"]
[Site "Sautron"]
[Date "2012.11.??"]
[Round "8"]
[White "Jourdren, Kevin"]
[Black "Picard, Remi"]
[Result "0-1"]
[WhiteElo "1781"]
[BlackElo "2114"]
[PlyCount "64"]
[EventDate "2012.10.27"]
[EventType "swiss"]
[EventRounds "9"]
[EventCountry "FRA"]
[SourceTitle "EXT 2014"]
[Source "ChessBase"]
[SourceDate "2013.11.20"]
[SourceVersion "1"]
[SourceVersionDate "2013.11.20"]
[SourceQuality "1"]

1. d4 Nf6 2. Nf3 g6 3. g3 Bg7 4. Bg2 0-0 5. c4 d6 6. 0-0 Nbd7 7. Nc3 e5 8. dxe5 dxe5 9. e4 c6 10. Qc2 Qe7 11. Rd1 Ne8 12. b3 Nc7 13. a4 a5 14. Ba3 Nc5 15. Ne1 Bg4 16. f3 Be6 17. Nd3 N7a6 18. Nxc5 Nxc5 19. Qf2 b6 20. Qe3 Rfd8 21. Rxd8+ Rxd8 22. Rd1 Bf8 23. Bxc5 Rxd1+ 24. Nxd1 Qxc5 25. Qxc5 Bxc5+ 26. Nf2 Kf8 27. Bf1 Ke7 28. Kg2 Kd6 29. Nd3 b5 30. axb5 cxb5 31. Ne1 bxc4 32. Bxc4 Bxc4 0-1

[Event "Rohde op 12th"]
[Site "Sautron"]
[Date "2012.11.??"]
[Round "7"]
[White "Piasetski, Leon David"]
[Black "Jourdren, Kevin"]
[Result "1/2-1/2"]
[WhiteElo "2298"]
[BlackElo "1781"]
[PlyCount "66"]
[EventDate "2012.10.27"]
[EventType "swiss"]
[EventRounds "9"]
[EventCountry "FRA"]
[SourceTitle "EXT 2014"]
[Source "ChessBase"]
[SourceDate "2013.11.20"]
[SourceVersion "1"]
[SourceVersionDate "2013.11.20"]
[SourceQuality "1"]

1. Nf3 d5 2. d4 Nf6 3. c4 e6 4. Nc3 c6 5. e3 Bd6 6. Qc2 Nbd7 7. g4 Nxg4 8. Rg1 f5 9. h3 Ngf6 10. Rxg7 Rg8 11. Rxg8+ Nxg8 12. Bd2 Ndf6 13. 0-0-0 Ne4 14. Nxe4 fxe4 15. Ne5 Bxe5 16. dxe5 Qh4 17. Bb4 Ne7 18. Bd6 Bd7 19. c5 b5 20. Qd2 a5 21. a3 Nf5 22. Kb1 Kf7 23. Be2 a4 24. Rg1 Rg8 25. Rxg8 Kxg8 26. Qa5 Be8 27. Qa8 Ng7 28. Ka2 Qxf2 29. Bh5 Qxe3 30. Qd8 Qb3+ 31. Ka1 Qxh3 32. Bf7+ Kh8 33. Bxe8 Qf1+ 1/2-1/2